|
|
|
|
| LEADER |
02403nam a2200421 4500 |
| 001 |
ocn815470909 |
| 003 |
OCoLC |
| 005 |
20180501122004.0 |
| 006 |
m o d |
| 007 |
cr cn||||||||| |
| 008 |
121004s2012 cauad obo 001 0 eng d |
| 040 |
|
|
|a E7B
|b eng
|e pn
|c E7B
|d OCLCO
|d UIU
|d N$T
|d YDXCP
|d OHS
|d OCLCO
|d CHVBK
|d OCLCQ
|d DEBBG
|d GrThAP
|
| 020 |
|
|
|a 9780123982711
|q (electronic bk.)
|
| 020 |
|
|
|a 0123982715
|q (electronic bk.)
|
| 020 |
|
|
|a 9780123942845
|
| 035 |
|
|
|a (OCoLC)815470909
|
| 050 |
|
4 |
|a RC570
|b .I58 2012eb
|
| 060 |
|
4 |
|a WS 350.6
|
| 072 |
|
7 |
|a PSY
|x 018000
|2 bisacsh
|
| 082 |
0 |
4 |
|a 616.8588
|2 23
|
| 049 |
|
|
|a TEFA
|
| 245 |
0 |
0 |
|a International review of research in developmental disabilities.
|n Volume 42 /
|c edited by Robert M. Hodapp.
|
| 260 |
|
|
|a San Diego, Calif. :
|b Academic Press,
|c 2012.
|
| 300 |
|
|
|a 1 online resource (xiii, 237 pages) :
|b illustrations.
|
| 336 |
|
|
|a text
|b txt
|2 rdacontent
|
| 337 |
|
|
|a computer
|b c
|2 rdamedia
|
| 338 |
|
|
|a online resource
|b cr
|2 rdacarrier
|
| 490 |
1 |
|
|a International review of research in developmental disabilities,
|x 2211-6095 ;
|v v. 42
|
| 504 |
|
|
|a Includes bibliographical references and index.
|
| 505 |
0 |
|
|a Contributors -- Preface -- Applying GIS and spatial analysis to studies of health in children with disabilities -- The epidemiology of psychopathology in people with intellectual disability : a forty year review -- Anxiety in intellectual disabilities : challenges and next steps -- Morphosyntactical difficulties and rehabilitation in persons with Down syndrome -- What's age got to do with it? Implications of maternal age on families of offspring with Down syndrome -- "The mysterious myth of Attention deficit ..." revisited: a discussion of how the developmental approach is transforming the understanding of intellectual disability -- Assessment of motor behavior among children and adolescents with Autism spectrum disorder -- Index -- Contents of previous volumes.
|
| 650 |
|
0 |
|a Developmental disabilities
|x Research.
|
| 650 |
|
0 |
|a Children with disabilities
|x Research.
|
| 650 |
|
2 |
|a Developmental Disabilities.
|
| 650 |
|
7 |
|a PSYCHOLOGY
|x Mental Illness.
|2 bisacsh
|
| 655 |
|
4 |
|a Electronic books.
|
| 700 |
1 |
|
|a Hodapp, Robert M.
|
| 830 |
|
0 |
|a International review of research in developmental disabilities ;
|v v. 42.
|
| 856 |
4 |
0 |
|u https://www.sciencedirect.com/science/bookseries/22116095/42
|z Full Text via HEAL-Link
|